000 00438nam a22001577a 4500
003 OSt
005 20220812144629.0
008 220812b ||||| |||| 00| 0 eng d
040 _cAACR2
082 _a620 ABH
100 _aAbhishek, V
_913251
245 _aFabrication and modeling arm for crop reaper machine
260 _aPonnampet
_bCoorg Institute of Technology
_c2022
600 _aMechanical Engineering
_913252
942 _2ddc
_cPR
999 _c189719
_d189719